ბათუმის შოთა რუსთაველის სახელმწიფო უნივერსიტეტის ბიბლიოთეკა

Говорите правильно! (ბიბ.ჩანაწერი № 35072)

000 -LEADER
fixed length control field 00719nam a2200253Ia 4500
001 - CONTROL NUMBER
control field 913
003 - CONTROL NUMBER IDENTIFIER
control field GE_BSU
008 - FIXED-LENGTH DATA ELEMENTS--GENERAL INFORMATION
fixed length control field 181216s||||||||xx |||||||||||||| ||und||
020 ## - INTERNATIONAL STANDARD BOOK NUMBER
International Standard Book Number 9785883370389
040 ## - CATALOGING SOURCE
Transcribing agency GE_BSU
080 ## - UNIVERSAL DECIMAL CLASSIFICATION NUMBER
Universal Decimal Classification number 808.2(075.8)
100 ## - MAIN ENTRY--PERSONAL NAME
Personal name Караванова,Н.Б.
245 ## - TITLE STATEMENT
Title Говорите правильно!
245 ## - TITLE STATEMENT
Remainder of title Курс русской разговорной речи
250 ## - EDITION STATEMENT
Edition statement 7-е,испр. и доп.
260 ## - PUBLICATION, DISTRIBUTION, ETC.
Place of publication, distribution, etc. Москва
260 ## - PUBLICATION, DISTRIBUTION, ETC.
Name of publisher, distributor, etc. Русский язык
260 ## - PUBLICATION, DISTRIBUTION, ETC.
Date of publication, distribution, etc. 2007
300 ## - PHYSICAL DESCRIPTION
Extent 312стр.
653 ## - INDEX TERM--UNCONTROLLED
Uncontrolled term Говорите правильно!
653 ## - INDEX TERM--UNCONTROLLED
Uncontrolled term Курс русской разговорной речи
942 ## - ADDED ENTRY ELEMENTS (KOHA)
Koha item type წიგნი
ეგზემპლარები
Withdrawn status Lost status Damaged status Not for loan Date acquired Barcode Date last seen Price effective from Koha item type
        2018-12-17 1668 2018-12-17 2018-12-17 წიგნი